000 00692nam 22002053 4500
001 32646
010 _a0-19-857754-0
090 _a32646
100 _a20260326d1992 u||y0engy50 ba
101 _aeng
102 _aGB
200 _aPlant-Animal Interactions in the Marine Benthos
_eThe systematics association special
_fD. M. John
_gS. J. Hawkins, J. H. Price
_v46 vol.
210 _aEstados Unidos América, Nova York, Toronto
_cOxford University Press
_d1992
215 _a545 p.
_cil.
_d25 cm
345 _dOferta
700 _aJohn
_bD. M.
701 _aHawkins
_bS. J.
702 _aPrice
_b J. H.
702 _bPrice
710 _aThe systematics association special